History Quiz

Random History or Quote Quiz

Famous Last Words Quiz Stats

 Plays Quiz Updated Jun 8, 2018

Score 0/20 Timer 05:00
1 Play Today
Quote Person % Correct
Et tu, Brute?/ Kai su, teknon.**Julius Caesar
79.9%
Thomas Jefferson still lives!John Adams
54.6%
Josephine...Napoleon Bonaparte
46.9%
I have a terrific headache.Franklin Delano Roosevelt
40.9%
I die hard but am not afraid to go.George Washington
33.9%
I have offended God and mankind because my work did not reach the quality it should have.Leonardo da Vinci
23.5%
To the strongest!Alexander the Great
23.2%
Either That Wallpaper Goes, or I Do.' Oscar Wilde
20.7%
I'm bored with it all.Winston Churchill
17.6%
Die? I should say not, dear fellow. No Barrymore would allow such a conventional thing to happen to him.John Barrymore
17.1%
Quote Person % Correct
I hope I haven't bored you.Elvis Presley
16.2%
Pardon me, sir, I did not do it on purpose.Queen Marie Antoinette
9.9%
Go on, get out. Last words are for fools who haven't said enough.Karl Marx
8.1%
Lord help my poor soul.Edgar Allan Poe
7%
Why Not? After all, it belongs to him.Charlie Chaplin
5.5%
I am not the least afraid to die.Charles Darwin
5.3%
Friends applaud, the comedy is over.Ludwig van Beethoven
5.3%
I must go in, the fog is rising.Emily Dickinson
3%
I'm tired. I'm going back to bed.George Reeves
1.4%
Wait a minute.Pope Alexander VI
1%

You're not logged in!

Compare scores with friends on all Sporcle quizzes.
OR
Log In

You Might Also Like...

Show Comments

Extras

Top Quizzes Today


Score Distribution

Your Account Isn't Verified!

In order to create a playlist on Sporcle, you need to verify the email address you used during registration. Go to your Sporcle Settings to finish the process.

Report this User

Report this user for behavior that violates our Community Guidelines.

Details: